Presupuestos

Sábháilte in:
Sonraí bibleagrafaíochta
Príomhchruthaitheoir: Ramos, Silvina Elida (Údar)
Formáid: LEABHAR
Teanga:Spáinnis
Foilsithe / Cruthaithe: Buenos Aires Errepar 2003
Eagrán:1a. ed
Sraith:Colección Práctica. Contabilidad & Gestión
Ábhair:
Clibeanna: Cuir clib leis
Níl clibeanna ann, Bí ar an gcéad duine le clib a chur leis an taifead seo!

MARC

LEADER 00000nam a2200000 a 4500
001 UCL7699
003 CL-VaPUC
008 040528e20030000AG |||||||||||||||||spa|d
020 |a 9870102093 
082 0 4 |a 658.154  |b RAM  |2 21 
100 0 |a Ramos, Silvina Elida  |e author  |9 485560 
245 1 0 |a Presupuestos 
250 |a 1a. ed 
300 |a 220 p 
942 |c BK 
945 |d 20040528 00:00:00  |a cmena 
260 |a Buenos Aires  |b Errepar  |c 2003 
650 7 |a GESTION DE PRESUPUESTOS  |2 CL-VaPUC  |9 413288 
650 0 |a Planificación estratégica   |9 259735 
650 0 |a Estados de cuentas  |9 352305 
650 0 |a Administración de empresas   |9 260833 
583 |a last modification  |c 20040528 00:00:00  |k Rodrigo Vera 
490 0 |a Colección Práctica. Contabilidad & Gestión 
999 |c 309323  |d 309321 
952 |0 0  |1 0  |4 0  |6 658_154000000000000_RAM_2003  |7 0  |8 R  |9 376749  |a BIBGIM  |b BIBGIM  |d 2019-11-21  |i 4021266  |o 658.154 RAM 2003  |p 4021266  |r 2025-01-15  |w 2019-11-21  |y BK_R  |k COM